<?xml version="1.0" encoding="UTF-8"?>
<record
    xmlns:xsi="http://www.w3.org/2001/XMLSchema-instance"
    xsi:schemaLocation="http://www.loc.gov/MARC21/slim http://www.loc.gov/standards/marcxml/schema/MARC21slim.xsd"
    xmlns="http://www.loc.gov/MARC21/slim">

  <leader>02522nam a22003617a 4500</leader>
  <controlfield tag="003">DO-SdBNP</controlfield>
  <controlfield tag="005">20240530073937.0</controlfield>
  <controlfield tag="007">ta</controlfield>
  <controlfield tag="008">210426e2020    dr ||||e |||| 001 e spa d</controlfield>
  <datafield tag="020" ind1=" " ind2=" ">
    <subfield code="a">9789945610383</subfield>
  </datafield>
  <datafield tag="020" ind1=" " ind2=" ">
    <subfield code="a">9789945610369 (obra completa).</subfield>
  </datafield>
  <datafield tag="040" ind1=" " ind2=" ">
    <subfield code="a">DO-SdBNP</subfield>
    <subfield code="b">spa</subfield>
    <subfield code="c">BNPHU</subfield>
  </datafield>
  <datafield tag="041" ind1=" " ind2=" ">
    <subfield code="h">spa</subfield>
  </datafield>
  <datafield tag="082" ind1=" " ind2="4">
    <subfield code="a">RD868.3</subfield>
    <subfield code="b">C352es</subfield>
  </datafield>
  <datafield tag="100" ind1="1" ind2="0">
    <subfield code="a">Castillo, Rafael Justino,</subfield>
    <subfield code="d">1861-1933</subfield>
    <subfield code="9">31937</subfield>
  </datafield>
  <datafield tag="245" ind1="1" ind2="0">
    <subfield code="a">Escritos reunidos /</subfield>
    <subfield code="c">Rafael J. Castillo ;  Andr&#xE9;s Blanco D&#xED;az , editor ; Milton Ray Guevara , pr&#xF3;logo</subfield>
  </datafield>
  <datafield tag="260" ind1=" " ind2=" ">
    <subfield code="a">Santo Domingo :</subfield>
    <subfield code="b">Tribunal Constitucional de la Rep&#xFA;blica Dominicana ,</subfield>
    <subfield code="c">2020</subfield>
  </datafield>
  <datafield tag="300" ind1=" " ind2=" ">
    <subfield code="a">2v. ;</subfield>
    <subfield code="c">23 cm.</subfield>
  </datafield>
  <datafield tag="490" ind1=" " ind2=" ">
    <subfield code="a">Cl&#xE1;sicos de derecho constitucional.</subfield>
  </datafield>
  <datafield tag="500" ind1=" " ind2=" ">
    <subfield code="a">Incluye referencias bibliogr&#xE1;ficas y notas al pie de las p&#xE1;ginas </subfield>
  </datafield>
  <datafield tag="505" ind1="0" ind2=" ">
    <subfield code="g">v.1. Ensayos 1887-1907</subfield>
    <subfield code="t">Pr&#xF3;logo del Magistrado presidente Dr. Milton Ray Guevara --</subfield>
    <subfield code="t">Cronolog&#xED;a m&#xED;nima--</subfield>
    <subfield code="t">La abolici&#xF3;n de la pena de muerte es una necesidad jur&#xED;dica --</subfield>
    <subfield code="t">La pena de muerte --</subfield>
    <subfield code="t">La asociaci&#xF3;n --</subfield>
    <subfield code="t">El primo Basilio --</subfield>
    <subfield code="t">Acerca de la alimentaci&#xF3;n y las razas por J: R. L&#xF3;pez --</subfield>
    <subfield code="t">Pol&#xED;tica Positiva --</subfield>
    <subfield code="t">Reformas --</subfield>
    <subfield code="t">Proyecto de Constituci&#xF3;n.-</subfield>
    <subfield code="t">De frente al sol --</subfield>
    <subfield code="t">La concesi&#xF3;n Clyde --</subfield>
    <subfield code="t">La constituci&#xF3;n que nos Rige. (notas cr&#xED;ticas) --</subfield>
    <subfield code="t">El convenio dom&#xED;nico-norteamericano --</subfield>
    <subfield code="t">Por el bi&#xE9;n p&#xFA;blico --</subfield>
    <subfield code="t">La constituci&#xF3;n --</subfield>
    <subfield code="t">Memoria de la Suprema Corte de Justicia al servicio de Estado del ramo --</subfield>
  </datafield>
  <datafield tag="505" ind1="0" ind2=" ">
    <subfield code="g">v.2. Ensayos, 1908-1932</subfield>
    <subfield code="t">Pr&#xF3;logo del Magistrado presidente Dr. Milton Ray Guevara --</subfield>
    <subfield code="t">Acerca de la Constituci&#xF3;n --</subfield>
    <subfield code="t">El patrio suelo --</subfield>
    <subfield code="t">Las enfernedades del medio. Necesidad de los partidos pol&#xED;ticos --</subfield>
    <subfield code="t">La nueva Constituci&#xF3;n --</subfield>
    <subfield code="t">Edificando --</subfield>
    <subfield code="t">El consejo de Secretarios de estado no es Poder Ejecutivo desde arriba --</subfield>
    <subfield code="t">An&#xE1;lisi de la Constituci&#xF3;n --</subfield>
    <subfield code="t">La reformai --</subfield>
    <subfield code="t">La reforma II --</subfield>
    <subfield code="t">El problema de la actual situaci&#xF3;n financiera --</subfield>
    <subfield code="t">El proyecto de reforma constitucional --</subfield>
    <subfield code="t">Proyecto de c&#xF3;digo Civil dominicano -- </subfield>
    <subfield code="t">Mi contribuci&#xF3;n --</subfield>
    <subfield code="t">C&#xF3;digo Nacional.</subfield>
  </datafield>
  <datafield tag="590" ind1=" " ind2=" ">
    <subfield code="a">Inventariado, 2020/MFF</subfield>
  </datafield>
  <datafield tag="600" ind1="1" ind2="4">
    <subfield code="a">Castillo, Rafael Justino, </subfield>
    <subfield code="d">1861-1933</subfield>
    <subfield code="v">Colecciones de escritos </subfield>
    <subfield code="9">78489</subfield>
  </datafield>
  <datafield tag="650" ind1=" " ind2="0">
    <subfield code="a">Ensayos dominicanos</subfield>
    <subfield code="9">65</subfield>
  </datafield>
  <datafield tag="651" ind1=" " ind2="4">
    <subfield code="a">Rep&#xFA;blica Dominicana</subfield>
    <subfield code="x">Legislaci&#xF3;n</subfield>
    <subfield code="9">10538</subfield>
  </datafield>
  <datafield tag="651" ind1=" " ind2="4">
    <subfield code="a">Rep&#xFA;blica Dominicana </subfield>
    <subfield code="x">Historia</subfield>
    <subfield code="9">170</subfield>
  </datafield>
  <datafield tag="700" ind1="1" ind2=" ">
    <subfield code="a">Blanco D&#xED;az, Andr&#xE9;s</subfield>
    <subfield code="e">editor</subfield>
    <subfield code="9">172</subfield>
  </datafield>
  <datafield tag="700" ind1="1" ind2=" ">
    <subfield code="a">Milton Ray Guevara</subfield>
    <subfield code="d">1948-</subfield>
    <subfield code="e">pr&#xF3;logo</subfield>
    <subfield code="9">78143</subfield>
  </datafield>
  <datafield tag="830" ind1=" " ind2="0">
    <subfield code="n">Tribunal de derecho constitucional </subfield>
    <subfield code="9">78480</subfield>
  </datafield>
  <datafield tag="910" ind1=" " ind2=" ">
    <subfield code="a">Validado. Control de calidad MFF</subfield>
  </datafield>
  <datafield tag="942" ind1=" " ind2=" ">
    <subfield code="2">ddc</subfield>
    <subfield code="c">LBS1</subfield>
  </datafield>
  <datafield tag="952" ind1=" " ind2=" ">
    <subfield code="0">0</subfield>
    <subfield code="1">0</subfield>
    <subfield code="2">ddc</subfield>
    <subfield code="5">3</subfield>
    <subfield code="7">2</subfield>
    <subfield code="8">PD</subfield>
    <subfield code="a">BNPHU</subfield>
    <subfield code="b">PD</subfield>
    <subfield code="c">HD</subfield>
    <subfield code="d">2021-03-26</subfield>
    <subfield code="e">Donado por Editora B&#xFA;ho</subfield>
    <subfield code="l">0</subfield>
    <subfield code="o">BNPHU PD RD868.3 C352es</subfield>
    <subfield code="p">2021-1581</subfield>
    <subfield code="r">2021-04-26</subfield>
    <subfield code="t">v.1</subfield>
    <subfield code="w">2021-04-26</subfield>
    <subfield code="y">LFPD</subfield>
  </datafield>
  <datafield tag="952" ind1=" " ind2=" ">
    <subfield code="0">0</subfield>
    <subfield code="1">0</subfield>
    <subfield code="2">ddc</subfield>
    <subfield code="5">1</subfield>
    <subfield code="7">2</subfield>
    <subfield code="8">PD</subfield>
    <subfield code="a">BNPHU</subfield>
    <subfield code="b">PD</subfield>
    <subfield code="c">HD</subfield>
    <subfield code="d">2021-03-26</subfield>
    <subfield code="e">Donado por Editora B&#xFA;ho</subfield>
    <subfield code="l">0</subfield>
    <subfield code="o">BNPHU PD RD868.3 C352es</subfield>
    <subfield code="p">2021-1582</subfield>
    <subfield code="r">2021-04-26</subfield>
    <subfield code="t">v.1,e.2</subfield>
    <subfield code="w">2021-04-26</subfield>
    <subfield code="y">LFPD</subfield>
  </datafield>
  <datafield tag="952" ind1=" " ind2=" ">
    <subfield code="0">0</subfield>
    <subfield code="1">0</subfield>
    <subfield code="2">ddc</subfield>
    <subfield code="5">6</subfield>
    <subfield code="7">0</subfield>
    <subfield code="8">DS</subfield>
    <subfield code="a">BNPHU</subfield>
    <subfield code="b">GR</subfield>
    <subfield code="c">HD</subfield>
    <subfield code="d">2021-03-26</subfield>
    <subfield code="e">Donado por Editora B&#xFA;ho</subfield>
    <subfield code="l">0</subfield>
    <subfield code="o">BNPHU DS RD868.3 C352es</subfield>
    <subfield code="p">2021-1583</subfield>
    <subfield code="r">2021-04-26</subfield>
    <subfield code="t">v.1,e.3</subfield>
    <subfield code="w">2021-04-26</subfield>
    <subfield code="y">LFDS</subfield>
  </datafield>
  <datafield tag="952" ind1=" " ind2=" ">
    <subfield code="0">0</subfield>
    <subfield code="1">0</subfield>
    <subfield code="2">ddc</subfield>
    <subfield code="5">1</subfield>
    <subfield code="7">2</subfield>
    <subfield code="8">PD</subfield>
    <subfield code="a">BNPHU</subfield>
    <subfield code="b">PD</subfield>
    <subfield code="c">HD</subfield>
    <subfield code="d">2021-03-26</subfield>
    <subfield code="e">Donado por Editora B&#xFA;ho</subfield>
    <subfield code="l">0</subfield>
    <subfield code="o">BNPHU PD RD868.3 C352es</subfield>
    <subfield code="p">2021-1584</subfield>
    <subfield code="r">2021-04-26</subfield>
    <subfield code="t">v.2</subfield>
    <subfield code="w">2021-04-26</subfield>
    <subfield code="y">LFPD</subfield>
  </datafield>
  <datafield tag="952" ind1=" " ind2=" ">
    <subfield code="0">0</subfield>
    <subfield code="1">0</subfield>
    <subfield code="2">ddc</subfield>
    <subfield code="5">1</subfield>
    <subfield code="7">2</subfield>
    <subfield code="8">PD</subfield>
    <subfield code="a">BNPHU</subfield>
    <subfield code="b">PD</subfield>
    <subfield code="c">HD</subfield>
    <subfield code="d">2021-03-26</subfield>
    <subfield code="e">Donado por Editora B&#xFA;ho</subfield>
    <subfield code="l">0</subfield>
    <subfield code="o">BNPHU PD RD868.3 C352es</subfield>
    <subfield code="p">2021-1585</subfield>
    <subfield code="r">2021-04-26</subfield>
    <subfield code="t">v.2,e.2</subfield>
    <subfield code="w">2021-04-26</subfield>
    <subfield code="y">LFPD</subfield>
  </datafield>
  <datafield tag="952" ind1=" " ind2=" ">
    <subfield code="0">0</subfield>
    <subfield code="1">0</subfield>
    <subfield code="2">ddc</subfield>
    <subfield code="5">6</subfield>
    <subfield code="7">0</subfield>
    <subfield code="8">DS</subfield>
    <subfield code="a">BNPHU</subfield>
    <subfield code="b">GR</subfield>
    <subfield code="c">HD</subfield>
    <subfield code="d">2021-03-26</subfield>
    <subfield code="e">Donado por Editora B&#xFA;ho</subfield>
    <subfield code="l">0</subfield>
    <subfield code="o">BNPHU DS RD868.3 C352es</subfield>
    <subfield code="p">2021-1586</subfield>
    <subfield code="r">2021-04-26</subfield>
    <subfield code="t">v.2, e.3</subfield>
    <subfield code="w">2021-04-26</subfield>
    <subfield code="y">LFDS</subfield>
  </datafield>
  <datafield tag="999" ind1=" " ind2=" ">
    <subfield code="c">49781</subfield>
    <subfield code="d">49781</subfield>
  </datafield>
</record>
